Electromagnetic waves and Radiating Systems (Record no. 8490)

MARC details
000 -LEADER
fixed length control field 00339nam a2200133Ia 4500
008 - FIXED-LENGTH DATA ELEMENTS--GENERAL INFORMATION
fixed length control field 220722s9999 xx 000 0 und d
041 ## - LANGUAGE CODE
Language code of text/sound track or separate title eng
100 ## - MAIN ENTRY--PERSONAL NAME
Personal name Bakshi U. A, Bakshi A. V
9 (RLIN) 9509
245 ## - TITLE STATEMENT
Title Electromagnetic waves and Radiating Systems
260 ## - PUBLICATION, DISTRIBUTION, ETC. (IMPRINT)
Name of publisher, distributor, etc. Technical Publications
Date of publication, distribution, etc. 2007
300 ## - PHYSICAL DESCRIPTION
Extent 722
906 ## - LOCAL DATA ELEMENT F, LDF (RLIN)
a 324
Holdings
Withdrawn status Lost status Damaged status Not for loan Home library Current library Date acquired Vendor Cost, normal purchase price Total Checkouts Barcode Date last seen Bill Date Koha item type Original Barcode
        MKSSS s K.B. Joshi Institute of Information Technology Library MKSSS s K.B. Joshi Institute of Information Technology Library 26/07/2022 Technical Publication 360.00   KBJP-K-154 26/07/2022 26/07/2022 Books K154